| 000 -LEADER |
| fixed length control field |
01278cam a2200325 i 4500 |
| 001 - CONTROL NUMBER |
| control field |
.b54013598 |
| 003 - CONTROL NUMBER IDENTIFIER |
| control field |
OSt |
| 005 - DATE AND TIME OF LATEST TRANSACTION |
| control field |
20221229125354.0 |
| 008 - FIXED-LENGTH DATA ELEMENTS--GENERAL INFORMATION |
| fixed length control field |
150521s2016 nyua j b 001 0 eng c |
| 010 ## - LIBRARY OF CONGRESS CONTROL NUMBER |
| LC control number |
2015020021 |
| 020 ## - INTERNATIONAL STANDARD BOOK NUMBER |
| International Standard Book Number |
9780531225127 |
| Qualifying information |
(pbk. ; |
| -- |
alk. paper) |
| 040 ## - CATALOGING SOURCE |
| Original cataloging agency |
NJQ/DLC |
| Language of cataloging |
eng |
| Transcribing agency |
NJQ |
| Description conventions |
rda |
| Modifying agency |
DLC |
| -- |
NTNU |
| -- |
KH8 |
| 042 ## - AUTHENTICATION CODE |
| Authentication code |
nbic |
| 082 0# - DEWEY DECIMAL CLASSIFICATION NUMBER |
| Classification number |
372.4 SQU |
| Item number |
Si65.1 |
| 100 1# - MAIN ENTRY--PERSONAL NAME |
| Personal name |
Squire, Ann, |
| Relator term |
author. |
| 245 10 - TITLE STATEMENT |
| Title |
Sinkholes / |
| Statement of responsibility, etc. |
Ann O. Squire. |
| 264 #1 - PRODUCTION, PUBLICATION, DISTRIBUTION, MANUFACTURE, AND COPYRIGHT NOTICE |
| Place of production, publication, distribution, manufacture |
New York : |
| Name of producer, publisher, distributor, manufacturer |
Children's Press, an imprint of Scholastic Inc., |
| Date of production, publication, distribution, manufacture, or copyright notice |
2016. |
| 300 ## - PHYSICAL DESCRIPTION |
| Extent |
48 pages : |
| Other physical details |
color illustrations ; |
| Dimensions |
22 cm. |
| 336 ## - CONTENT TYPE |
| Content type term |
text |
| Source |
rdacontent. |
| 337 ## - MEDIA TYPE |
| Media type term |
unmediated |
| Source |
rdamedia. |
| 338 ## - CARRIER TYPE |
| Carrier type term |
volume |
| Source |
rdacarrier. |
| 490 1# - SERIES STATEMENT |
| Series statement |
A true book. |
| 504 ## - BIBLIOGRAPHY, ETC. NOTE |
| Bibliography, etc. note |
Includes bibliographical references (page 45) and index. |
| 505 0# - FORMATTED CONTENTS NOTE |
| Formatted contents note |
What on Earth? -- Holes in the ground -- The big truth - sinkholes in the Dead Sea -- Natural and unnatural causes -- Amazing sinkholes around the world -- Is it possible to predict sinkholes? |
| 520 ## - SUMMARY, ETC. |
| Summary, etc. |
"Learn all about sinkholes, from how they are formed to how they can affect people around the world"-- |
| Assigning source |
Provided by publisher. |
| 521 ## - TARGET AUDIENCE NOTE |
| Target audience note |
Lexile 910. |
| 650 #0 - SUBJECT ADDED ENTRY--TOPICAL TERM |
| Topical term or geographic name entry element |
Sinkholes |
| Form subdivision |
Juvenile literature. |
| 830 #0 - SERIES ADDED ENTRY--UNIFORM TITLE |
| Uniform title |
True book. |
| 942 ## - ADDED ENTRY ELEMENTS (KOHA) |
| Source of classification or shelving scheme |
|
| Koha item type |
Books - Non Ficton |